000
00229nam a22000857a 4500
008
160928b xxu||||| |||| 00| 0 eng d
100
_9
794
_a
Balasubramanian.P.
245
_a
New Bridges-II
260
_a
New Delhi
_b
Frank Publications
_c
2011
999
_c
3448
_d
3448